00357nam a2200145Ia 4500008004100000082001700041100001500058245003700073250000600110260003300116300001000149500002400159650001200183700001600195230524s9999 xx 000 0 und d a537.622bSWA aB.B.Swain  0aPhysics of Semiconductor Devices a1 aNew DelhibSiri Publi.c2013 a420p: aQuantity Number: 1 aPhysics a A.K. Panda